| 000 | 01120nam a22003132 4500 | ||
|---|---|---|---|
| 001 | 0000004245 | ||
| 005 | 20151217145800.0 | ||
| 008 | 070521s xx 000 0 eng d | ||
| 020 |
_a0131784498 : _cGBP 48.99 |
||
| 040 |
_aKABU _cKABU |
||
| 050 | 0 |
_aQA611 _b.M86 2000 |
|
| 100 | 1 |
_aMunkres, James R. _@0000160493 |
|
| 245 | 1 | 0 |
_aTopology / _cJames R. Munkres. |
| 250 | _a2nd ed. | ||
| 260 |
_aUpper Saddle River, NJ : _bPrentice Hall, _cc2000. |
||
| 300 |
_axvi, 537 p. : _bill. ; _c25 cm. |
||
| 504 | _aIncludes bibliographical references (p. 517-518) and index. | ||
| 650 | 0 |
_aTopology. _@0000154710 |
|
| 908 | _a070521 | ||
| 950 | _@1 | ||
| 999 |
_c2562 _d2562 |
||